| 000 | 00762nam a22002057a 4500 | ||
|---|---|---|---|
| 005 | 20260518103118.0 | ||
| 010 | _aENG-148493 | ||
| 020 |
_a9789371369312 _c785.00 |
||
| 035 | _aEN-132025 | ||
| 037 | _bDBAD | ||
| 082 |
_a900 _24 |
||
| 100 |
_aSubhangini Priya _982812 |
||
| 245 |
_aNTA UGC 2026 NET SET JRF: _bHistory/ _cSubhangini Priya [and] Abhishek Mishra |
||
| 250 | _a4 | ||
| 260 |
_aUttar pradesh _bPearson India Education Service Pvt. Ltd. _c2026 |
||
| 270 |
_a15th Floor, Tower -B, World Trade Tower, PLot No.1, Block-C, Sector 16, Noida _bNoida (Uttar pradesh) _e201301 _k044-66540100 _mcompanysecretary.india@pearson.com |
||
| 300 |
_avpp. : _c25cm(pb) |
||
| 700 |
_aMishra, Abhishek _eAuthor _982811 |
||
| 942 |
_2ddc _cEN _h900 _mSUB |
||
| 999 |
_c216228 _d216228 |
||